000 00587nam a2200181Ia 4500
008 151018s9999 xx 000 0 und d
082 _bRBASDV25901
_a891.463
100 _aएस एम काशीकर
245 _aअह्श्य शक्ति
250 _b1
260 _bश्रद्धा प्रकाशन ठाणे
_c1992
300 _a242
600 _aएस एम काशीकर
630 _aअह्श्य शक्ति
700 _aएस एम काशीकर
730 _aअह्श्य शक्ति
942 _cBOOK
999 _c1025511
_d1025508